| 000 | 00570nam a22002051c 4500 | ||
|---|---|---|---|
| 001 | tt001046499 | ||
| 008 | 051024s ger d | ||
| 041 | _ager | ||
| 100 | 1 | _aRauch, Georg von | |
| 245 | 0 | 0 |
_aMachtkämpfe und soziale Wandlungen in der Sowjetunion : _b1923 - 1961 / _cGeorg von Rauch |
| 264 |
_aStuttgart : _bKlett, _c[2005] |
||
| 300 | _a94 S. | ||
| 648 | 0 | _a1923-1961 | |
| 651 | 0 | _aSowjetunion | |
| 655 | 0 | _aQuelle | |
| 942 | _cMG | ||
| 040 | _cRU-10907106 | ||
| 003 | RU-10907106 | ||
| 999 |
_c12437 _d12437 |
||
| 490 | 0 |
_aQuellen- und Arbeitshefte zur Geschichte und Gemeinschaftskunde _v4261 |
|